000 00345nam a2200145Ia 4500
008 090124s9999 xx 000 0 und d
082 _b33643
245 _a उगवाई
250 _a1
260 _bसौरभ प्रकाशन
_c1990
300 _a162
630 _a उगवाई
730 _a उगवाई
942 _cBOOK
999 _c99537
_d99537